| 000 | 00744nam a22002057a 4500 | ||
|---|---|---|---|
| 003 | UA-OsUOA | ||
| 001 | 44847 | ||
| 007 | ta | ||
| 008 | 20110620b un ||||| |||| 00| 0 ukr d | ||
| 090 |
_a050 _bУ45 |
||
| 942 | _cMG | ||
| 040 |
_aUA-OsUOA _bukr _cUA-OsUOA _dUA-OsUOA |
||
| 245 |
_aУкраїнський вісник _bгромадський літературно-художній та суспільно-політичний журнал |
||
| 955 | _a4 | ||
| 041 | _aukr | ||
| 080 | _a050 | ||
| 310 | _aВип. 7 (серп. 1987) | ||
| 650 | 7 |
_a050 Серійні публікації. Періодика галузі, Організація та інші типи поєднання (співробітництва) _2UDC |
|
| 999 |
_c424950 _d424950 |
||